LDR 00597naa#a2200193#i#450# 001 EN\\bibl\126740 005 20260702105132.4 011 ## _a2542-1840 100 ## _a20260630b2026####ek#y0engy0150####ca 102 ## _aRU 200 1# _aDeveloping Health Culture in University Students _eJournal article 210 1# _aKemerovo _cKemerovo State University _d2026 215 ## _a9 с. 608 ## _aJournal article _2local 700 #1 _aGorbatkova _gElena Yur'evna 700 #1 _aKhusainova _gElvira Rifgatovna 700 #1 _aManuilova _gGulshat Rimovna 700 #1 _aGorbatkov _gPavel Victorovich 856 4# _avestnik-pses.kemsu.ru _u